000 00512cam a22001457a 4500
999 _c508457
_d508457
008 180718b-- xxu||||| |||| 00| 0 eng d
082 _aL906x5464 1992-93
100 _aTripura. Comptroller and Auditor General of India.
_93784
245 _aReport of the Comptroller and Auditor General of India, Tripura, 1992-93
260 _aAgartala
_bComptroller and Auditor General of India
_c1993
300 _a272+p.
500 _aLibrary has 1991/92-1997/98
650 _aAuditing - India - Tripura
_93785
942 _2ddc